Бинагадинское местонахождение четвертичной фауны и флоры (Запись № 8778023)

Подробности
000 -МАРКЕР
контрольное поле 01052nam1a22002411i 4500
001 - ИДЕНТИФИКАТОР ЗАПИСИ
контрольное поле rc\3917682
005 - ИДЕНТИФИКАТОР ВЕРСИИ
контрольное поле 20240724165221.0
035 ## - ДРУГИЕ СИСТЕМНЫЕ НОМЕРА
Идентификатор записи (NLR Aleph) 008023863
100 ## - ДАННЫЕ ОБЩЕЙ ОБРАБОТКИ
Данные общей обработки 20130415d1951 |||y0rusy50 ca
101 0# - ЯЗЫК РЕСУРСА
Язык текста, звукозаписи и т.д. русский
102 ## - СТРАНА ПУБЛИКАЦИИ ИЛИ ПРОИЗВОДСТВА
Страна публикации российская федерация
105 ## - ПОЛЕ КОДИРОВАННЫХ ДАННЫХ: ТЕКСТОВЫЕ МАТЕРИАЛЫ, МОНОГРАФИЧЕСКИЕ
Кодированные данные о монографическом текстовом документе z |||||
200 1# - ЗАГЛАВИЕ И СВЕДЕНИЯ ОБ ОТВЕТСТВЕННОСТИ
Основное заглавие Бинагадинское местонахождение четвертичной фауны и флоры
Сведения, относящиеся к заглавию Ч. 1-
210 ## - ПУБЛИКАЦИЯ, РАСПРОСТРАНЕНИЕ И ДР.
Место издания, распространения и т.д. Баку
Имя издателя, распространителя и т. д. Изд-во Акад. наук АзССР
Дата издания, распространения и т.д. 1951
215 ## - ФИЗИЧЕСКАЯ ХАРАКТЕРИСТИКА
Размеры 26
225 1# - СЕРИЯ
Основное заглавие серии Академия наук Азербайджанской ССР. Труды Естественноисторического музея им. Г. Зардаби...
606 ## - НАИМЕНОВАНИЕ ТЕМЫ КАК ПРЕДМЕТ
Наименование темы Четвертичные отложения
Географический подзаголовок Азербайджанская ССР
Код системы psbo
606 ## - НАИМЕНОВАНИЕ ТЕМЫ КАК ПРЕДМЕТ
Наименование темы Животные ископаемые
Хронологический подзаголовок Четвертичный период
Географический подзаголовок Азербайджанская ССР
Код системы psbo
801 #0 - ИСТОЧНИК ЗАПИСИ
Страна российская федерация
Организация NLR
Правила каталогизации psbo
801 #1 - ИСТОЧНИК ЗАПИСИ
Страна российская федерация
Организация ELAR
Источник данных rusmarc
852 ## - МЕСТОНАХОЖДЕНИЕ И ШИФР ХРАНЕНИЯ
Идентификатор организации NLR
Шифр хранения (Call Number) Шифры разные
942 ## - ДОПОЛНИТЕЛЬНЫЕ ЭЛЕМЕНТЫ ЗАПИСИ (АБИС)
Тип экземпляра АБИС Книга

Нет доступных экземпляров.